Milli ekonomi modeli (Record no. 5983)

MARC details
000 -BAŞLIK
Sabit Uzunlukta Kontrol Alanı 00621na a2200241 4500
001 - KONTROL NUMARASI
Denetim Alanı 19020
003 - KONTROL NUMARASI IDENTIFIER
Denetim Alanı MIRAKIL
005 - SON İŞLEM TARİHİ VE ZAMANI
Denetim Alanı 20181213155052.0
008 - SABİT-BOY VERİ ELEMANLARI - GENEL BİLGİLER
Sabit Uzunlukta Kontrol Alanı 161206b tu 000 0
020 ## - ULUSLARARASI STANDART KİTAP NUMARASI
Uluslararası Standart Kitap Numarası 9757081159
040 ## - KATALOGLAMA KAYNAK
Orijinal Kataloglama Ajansı Milas
Kataloglama Dili tur
Metne Dönüştürmek Ajansı TR-AnCHP
041 ## - DİL KODU
Metin / Ses Parça Veya Ayrı Başlığın Dil Kodu tur
082 ## - DEWEY ONLU SINIFLANDIRMA NUMARASI
Sınıflandırma Numarası 330.1
Ürün Numarası B27m 2005
090 ## - SINIFLAMA NUMARASI
Sınıflama Numarası 330.1 B27m 2005
100 ## - ANA GİRİŞ - KİŞİSEL İSİM
Kişisel Ad Baş, Haydar
245 ## - BAŞLIK TABLOSU
Başlık Milli ekonomi modeli
Sorumluluk Tablosu, Vb Haydar Baş
260 ## - YAYIN, DAĞITIM, VB
Yayın, Dağıtım, Vb Yeri Bakü
Yayıncı, Dağıtıcı, Vs Adı Bakü Devlet Üniversitesi
Yayın, Dağıtım, Vb Tarihi 2005
300 ## - FİZİKSEL TANIM
Kapsam 335 s.
Boyutlar 21 sm.
504 ## - KAYNAKÇA VB NOT
Kaynakça Vb Notu Kaynakça var
650 ## - KONU KATMA GİRİŞ - TOPİKAL DÖNEM
Topikal Süreli Veya Coğrafi Ad Giriş Elemanı Yerli ekonomi
650 ## - KONU KATMA GİRİŞ - TOPİKAL DÖNEM
Topikal Süreli Veya Coğrafi Ad Giriş Elemanı Ekonomi
Genel Alt Bölümü Sistemler ve kuramlar
942 ## - EKLENDİ GİRİŞ ELEMANLARI (KOHA)
Sınıflandırma Veya Raf Düzeni Kaynak Dewey Decimal Classification
Koha Öğesi Türü Books
999 ## - SİSTEM KONTROL NUMARALARI (KOHA)
Koha Biblionumber 5983
Koha Biblioitemnumber 5983
Holdings
Kalıcı Konum Mevcut Konum Edinme Tarihi Edinim Kaynak Toplam Check-Out'Lar Tam Çağrı Numarası Barkod Tarih Son Görülme İtibaren Geçerli Fiyatlar Koha Öğesi Türü
CHP Kütüphanesi CHP Kütüphanesi 12/06/2016 Bağış   330.1 B27m 2005 010191 12/06/2016 12/06/2016 Books